000 00474nam a2200181Ia 4500
001 3737
005 20260306145705.0
008 260306t2005||||xx |||||||||||||| ||spa||
041 _aESP
082 _a302.2242
_bF74
100 _aFonseca Yerena, María del Socorro
_eAUT
245 0 _aComunicación oral:
_bfundamentos y práctica estratégica
260 _c2005
300 _axiv, 265 páginas :
_c27 cm.
650 _aGEN
654 _aCED
942 _cLIB
_dJUS
_fJUS
_2ddc
_n
999 _c3737
_d3737